Libros y escritura de tradición indígena : (Record no. 78646)
[ view plain ]
| 000 -LEADER | |
|---|---|
| fixed length control field | 01112cam a2200253 4500 |
| 005 - DATE AND TIME OF LATEST TRANSACTION | |
| control field | 20170919125343.0 |
| 008 - FIXED-LENGTH DATA ELEMENTS--GENERAL INFORMATION | |
| fixed length control field | 040114n20022002mx 000 0 spa u |
| 020 ## - INTERNATIONAL STANDARD BOOK NUMBER | |
| International Standard Book Number | 9706690433 |
| 050 04 - LIBRARY OF CONGRESS CALL NUMBER | |
| Classification number | F1219 .54 .A98 |
| Item number | L53 2002 |
| 245 00 - TITLE STATEMENT | |
| Title | Libros y escritura de tradición indígena : |
| Remainder of title | ensayos sobre los códices prehispánicos y coloniales de México / |
| Statement of responsibility, etc | coordinadores Carmen Arellano Hoffmann, Peer Schmidt y Xavier Noguez. |
| 250 ## - EDITION STATEMENT | |
| Edition statement | 1a. ed. (en Español) |
| 260 ## - PUBLICATION, DISTRIBUTION, ETC. (IMPRINT) | |
| Place of publication, distribution, etc | Zinacantepec (Estado de México) : |
| Name of publisher, distributor, etc | El Colegio Mexiquense : |
| -- | Universidad Católica de Eichstatt, |
| Date of publication, distribution, etc | 2002 |
| 300 ## - PHYSICAL DESCRIPTION | |
| Extent | 458 p. : |
| Other physical details | il. ; |
| Dimensions | 23 cm. |
| 500 ## - GENERAL NOTE | |
| General note | Traducción de: Die Bucher der Maya, Mixtequen and Azteken: Die Schrift und ihre Funktion in vorspanischen und kolonialen Codices |
| 504 ## - BIBLIOGRAPHY, ETC. NOTE | |
| Bibliography, etc | Incluye referencias bibliográficas |
| 650 #7 - SUBJECT ADDED ENTRY--TOPICAL TERM | |
| Source of heading or term | LEMB |
| Topical term or geographic name as entry element | Manuscritos Náhuatl |
| 650 #7 - SUBJECT ADDED ENTRY--TOPICAL TERM | |
| Source of heading or term | LEMB |
| Topical term or geographic name as entry element | Manuscritos Mixtecos |
| 650 #7 - SUBJECT ADDED ENTRY--TOPICAL TERM | |
| Source of heading or term | LEMB |
| Topical term or geographic name as entry element | Manuscritos Mayas |
| 651 #7 - SUBJECT ADDED ENTRY--GEOGRAPHIC NAME | |
| Source of heading or term | LEMB |
| Geographic name | Indígenas de México |
| General subdivision | Lenguaje |
| -- | Escritura |
| 700 1# - ADDED ENTRY--PERSONAL NAME | |
| Personal name | Arellano Hoffmann, Carmen, |
| Dates associated with a name | [1958-2009] |
| Relator term | coord. |
| 700 1# - ADDED ENTRY--PERSONAL NAME | |
| Personal name | Schmidt, Peer, |
| Dates associated with a name | [1958-2009], |
| Relator term | coord. |
| 700 1# - ADDED ENTRY--PERSONAL NAME | |
| Personal name | Noguez, Xavier, |
| Relator term | coord. |
| 942 ## - ADDED ENTRY ELEMENTS (KOHA) | |
| Source of classification or shelving scheme | Biblioteca del Cogreso de los Estados Unidos |
| Koha item type | Libro |
| Estado de pérdida | Fuente de clasificación | Estado del daño | No para préstamo | Ubicación permanente | Ubicación actual | Apartado o colección | Fecha de adquisición | Edición | Dependencia de educación superior (DES) | Área del conocimiento | Clasificación | Código de Barras | Date last seen | Número de copia | Tipo de recurso |
|---|---|---|---|---|---|---|---|---|---|---|---|---|---|---|---|
| Biblioteca del Cogreso de los Estados Unidos | Biblioteca del Instituto de Investigaciones Históricas | Biblioteca del Instituto de Investigaciones Históricas | General | 12/05/2017 | 1a ed. | Humanidades | Ciencias Sociales y Administrativas | F1219 .54 .A98 L53 2002 | IIH000017610 | 12/05/2017 | C:1 | Libro |